| 000 | 00491cam a2200181ua 4500 | ||
|---|---|---|---|
| 020 |
_a81 7099 250 5 _c250.00 |
||
| 041 |
_aeng _h |
||
| 082 |
_a028.73631 _bSOM/DI |
||
| 100 | _aSomani, L L . | ||
| 245 |
_aDictionary of agricultural engineering and technology Part-4 / _cL L Somani. _hTextual Documents |
||
| 250 |
_a1 / _b. |
||
| 260 |
_a : _bMittal Publications , _c1991. |
||
| 300 | _a308 ; . | ||
| 365 | _a250.00 | ||
| 504 | _a | ||
| 942 | _cBK | ||
| 999 |
_c7800 _d7800 |
||